Industrial source book of Pakistan 2008-09 (Record no. 60687)
[ view plain ]
| 000 -LEADER | |
|---|---|
| fixed length control field | 00446nam a22001697a 4500 |
| 003 - CONTROL NUMBER IDENTIFIER | |
| control field | NUST-PNEC |
| 005 - DATE AND TIME OF LATEST TRANSACTION | |
| control field | 20170116180705.0 |
| 008 - FIXED-LENGTH DATA ELEMENTS--GENERAL INFORMATION | |
| fixed length control field | 140920b xxu||||| |||| 00| 0 eng d |
| 040 ## - CATALOGING SOURCE | |
| Transcribing agency | PNEC |
| 082 ## - DEWEY DECIMAL CLASSIFICATION NUMBER | |
| Classification number | 380.02945491 WTP |
| 100 ## - MAIN ENTRY--PERSONAL NAME | |
| 9 (RLIN) | 317 |
| Personal name | WTP |
| 245 ## - TITLE STATEMENT | |
| Title | Industrial source book of Pakistan 2008-09 |
| Statement of responsibility, etc. | WTP |
| 260 ## - PUBLICATION, DISTRIBUTION, ETC. | |
| Place of publication, distribution, etc. | Karachi |
| Name of publisher, distributor, etc. | World Trade Publishers, Karachi |
| Date of publication, distribution, etc. | 2009 |
| 300 ## - PHYSICAL DESCRIPTION | |
| Extent | 557 p. : |
| Other physical details | ill. : |
| Dimensions | 29 cm. |
| 650 ## - SUBJECT ADDED ENTRY--TOPICAL TERM | |
| General subdivision | IME |
| 942 ## - ADDED ENTRY ELEMENTS (KOHA) | |
| Source of classification or shelving scheme | |
| Koha item type | Book |
| Withdrawn status | Lost status | Source of classification or shelving scheme | Damaged status | Not for loan | Permanent Location | Current Location | Shelving location | Date acquired | Source of acquisition | Cost, normal purchase price | Total Checkouts | Full call number | Barcode | Date last seen | Cost, replacement price | Price effective from | Koha item type |
|---|---|---|---|---|---|---|---|---|---|---|---|---|---|---|---|---|---|
| Pakistan Navy Engineering College (PNEC) | Pakistan Navy Engineering College (PNEC) | Reference | 04/12/2009 | Donated | 1500.00 | 380.02945491 WTP | PNECLIB-028831 | 09/20/2014 | 1500.00 | 09/20/2014 | Book | ||||||
| Pakistan Navy Engineering College (PNEC) | Pakistan Navy Engineering College (PNEC) | Reference | 04/12/2009 | Donated | 1500.00 | 380.02945491 WTP | PNECLIB-030020 | 09/20/2014 | 1500.00 | 09/20/2014 | Book | ||||||
| Pakistan Navy Engineering College (PNEC) | Pakistan Navy Engineering College (PNEC) | Reference | 04/12/2009 | Donated | 1500.00 | 380.02945491 WTP | PNECLIB-028830 | 09/20/2014 | 1500.00 | 09/20/2014 | Book | ||||||
| Pakistan Navy Engineering College (PNEC) | Pakistan Navy Engineering College (PNEC) | Reference | 04/12/2009 | Donated | 1500.00 | 380.02945491 WTP | PNECLIB-028832 | 09/20/2014 | 1500.00 | 09/20/2014 | Book | ||||||
| Pakistan Navy Engineering College (PNEC) | Pakistan Navy Engineering College (PNEC) | Reference | 04/12/2009 | Donated | 1500.00 | 380.02945491 WTP | PNECLIB-028829 | 09/20/2014 | 1500.00 | 09/20/2014 | Book |
